Thomson's dictionary of banking (Record no. 27861)

MARC details
000 -LEADER
fixed length control field 00302nam a2200121Ia 4500
082 ## - DEWEY DECIMAL CLASSIFICATION NUMBER
Classification number 336.7(038)
Item number JEN
245 #0 - TITLE STATEMENT
Title Thomson's dictionary of banking
250 ## - EDITION STATEMENT
Edition statement Ed.25
260 ## - PUBLICATION, DISTRIBUTION, ETC. (IMPRINT)
Place of publication Great Britain
Name of publisher Pitman
Year of publication 1974
700 ## - ADDED ENTRY--PERSONAL NAME
Personal name Jenkins, D B
942 ## - ADDED ENTRY ELEMENTS (KOHA)
Koha item type Books
Holdings
Withdrawn status Lost status Damaged status Not for loan Home library Current library Date acquired Cost, normal purchase price Full call number Accession Number Koha item type
        RRII Library RRII Library 16/12/2021 12.50 336.7(038) JEN 08477 Books